Metódy riešenia matematických úloh

Salvato in:
Dettagli Bibliografici
Autore principale: Hecht, Tomáš
Altri autori: Sklenáriková, Zita
Natura: Libro
Lingua:slovacco
Pubblicazione: Bratislava Slov. ped. nakl. 1992
Edizione:1. vyd.
Soggetti:
Tags: Aggiungi Tag
Nessun Tag, puoi essere il primo ad aggiungerne!!

MARC

LEADER 00000nam a2200000 4500
001 c001087
005 20221214090010.9
020 |a 80-08-00340-5 
041 0 |a slo 
044 |a SK 
245 1 0 |a Metódy riešenia matematických úloh  |c Tomáš Hecht, Zita Sklenáriková 
250 |a 1. vyd. 
264 1 |a Bratislava  |b Slov. ped. nakl.  |c 1992 
300 |a 243 s. 
610 2 0 |a matematika 
610 2 0 |a metódy matematické 
100 1 |a Hecht, Tomáš 
700 1 |a Sklenáriková, Zita